| 000 | 00962cam a2200253 a 4500 | ||
|---|---|---|---|
| 001 | 000003157 | ||
| 005 | 20200929150339.0 | ||
| 008 | 730529s1984 ag 001 p spa | ||
| 040 |
_aDO-SdBNP _bspa _cBNPHU |
||
| 082 |
_a860.44 _bP966p |
||
| 240 | 0 | 4 |
_aThe american transcendentalists. _lEspañol |
| 245 | 0 | 0 |
_aProsa y poesía / _cThoreau, emersón, fuller y otros; compilación y prólogo, Perry Miller. |
| 260 |
_aBuenos Aires : _bCorregidor, _c1984. |
||
| 300 |
_a341 p. ; _c20 cm. |
||
| 534 |
_aTítulo de la obra en Inglés: Their prose and poetry _tThe american transcendentalists. |
||
| 650 | 4 |
_aLiteratura américana _zNueva Inglaterra _99965 |
|
| 650 | 4 |
_aLiteratura américana _y19th SIGLO _99966 |
|
| 650 | 4 |
_aTrascendentalismo (nueva inglaterra) _99967 |
|
| 651 | 4 |
_aNueva Inglaterra _xColecciones De Obras Literarias _99968 |
|
| 700 | 1 |
_aThoreau _99969 |
|
| 700 | 1 |
_aEmerson _99970 |
|
| 700 | 1 |
_aFuller _99971 |
|
| 700 | 1 |
_aMiller, Perry, _ecomp. _99972 |
|
| 999 |
_c2988 _d2988 |
||